[Event "6e Open International d'Echecs Sables d'"]
[Site "Les Sables d'Olonne ; France"]
[Date "2019.07.18"]
[Round "8.11"]
[White "Casanave, Matthieu"]
[Black "Frick, Christoph"]
[Result "0-1"]
[WhiteElo "1292"]
[BlackElo "2134"]
[PlyCount "88"]
[EventDate "2019.??.??"]
[WhiteTeam "Cercle d'échecs des Sables d'Olonne"]
[BlackTeam "Mulhouse Philidor"]

1. e4 c6 2. d4 d5 3. Nc3 dxe4 4. Nxe4 Nf6 5. Nxf6+ exf6 6. Nf3 Bd6 7. Bd3 O-O
8. h3 Re8+ 9. Be3 Nd7 10. O-O Nf8 11. Qd2 Ng6 12. c3 Be6 13. Rfe1 Qd7 14. Bxg6
hxg6 15. Bf4 Rad8 16. a3 g5 17. Bxd6 Qxd6 18. Nh2 c5 19. Rad1 Bb3 20. Rxe8+
Rxe8 21. Rc1 Bc4 22. Nf3 Re2 23. Qd1 Rxb2 24. Rb1 Be2 25. Qe1 Rxb1 26. Qxb1
Bxf3 27. gxf3 cxd4 28. Qd1 d3 29. Kf1 Qd7 30. Ke1 Qe6+ 31. Kd2 Qa2+ 32. Ke1
Qxa3 33. Qxd3 g6 34. Qc4 Qe7+ 35. Kf1 Qd7 36. Kg2 Kg7 37. Qc5 a6 38. Qb6 Qb5
39. Qd4 a5 40. c4 Qb4 41. Kf1 b5 42. Ke2 Qxc4+ 43. Qxc4 bxc4 44. Kd2 a4 0-1

[Event "6e Open International d'Echecs Sables d'"]
[Site "Les Sables d'Olonne ; France"]
[Date "2019.07.18"]
[Round "8.12"]
[White "Brehier, William"]
[Black "Le Pen, Steven"]
[Result "0-1"]
[WhiteElo "1865"]
[BlackElo "2094"]
[PlyCount "100"]
[EventDate "2019.??.??"]
[WhiteTeam "Chevau-légers de la Choisille"]
[BlackTeam "Club d'Echecs de la Bruffière"]

1. e4 c5 2. Nf3 d6 3. d4 cxd4 4. Nxd4 Nf6 5. Nc3 Nc6 6. Bc4 e6 7. Bb3 Be7 8.
O-O O-O 9. Be3 Bd7 10. f4 Nxd4 11. Bxd4 Bc6 12. Qf3 b5 13. Rae1 b4 14. Nd1 Qc7
15. Nf2 e5 16. Be3 Qb7 17. Bd2 Bb5 18. Nd3 a5 19. Rf2 Bc6 20. Rfe2 Qb5 21. fxe5
dxe5 22. Qg3 a4 23. Bd5 Bxd5 24. exd5 e4 25. Nf4 Bd6 26. Qg5 h6 27. Qf5 Rfe8
28. Nh5 Nxh5 29. Qxh5 Re5 30. Qg4 h5 31. Qf4 Rae8 32. Be3 Qxd5 33. Rd2 Qe6 34.
Qf2 Bc7 35. Rde2 Rf5 36. Qh4 Qxa2 37. Bd4 Qd5 38. Rxe4 Rxe4 39. Rxe4 Qb5 40.
Qe1 Bd6 41. h3 a3 42. bxa3 bxa3 43. Qa1 f6 44. Qa2+ Qd5 45. Qxd5+ Rxd5 46. Bc3
Rd1+ 47. Kf2 Rc1 48. Bb4 Bxb4 49. Rxb4 a2 50. Rb8+ Kh7 0-1

[Event "6e Open International d'Echecs des Sable"]
[Site "Sables d'Olonne, France"]
[Date "2019.07.19"]
[Round "9.1"]
[White "Vidal, Llewellyn"]
[Black "Colin, Vincent"]
[Result "1/2-1/2"]
[WhiteElo "2336"]
[BlackElo "2370"]
[Annotator "jeanluc"]
[PlyCount "21"]
[EventDate "2019.??.??"]
[TimeControl "1/40:0"]
[WhiteClock "1:21:01"]
[BlackClock "1:21:43"]

1. c4 {[%emt 0:00:00]} e5 {[%emt 0:00:00]} 2. Nc3 {[%emt 0:00:00]} Nf6 {
[%emt 0:00:00]} 3. Nf3 {[%emt 0:00:00]} Nc6 {[%emt 0:00:00]} 4. e4 {[%emt 0:00:
00]} g6 {[%emt 0:00:00]} 5. d4 {[%emt 0:00:00]} exd4 {[%emt 0:00:00]} 6. Nxd4 {
[%emt 0:00:00]} Bg7 {[%emt 0:00:00]} 7. Be3 {[%emt 0:00:00]} O-O {[%emt 0:00:
00]} 8. f3 {[%emt 0:00:00]} Nxd4 {[%emt 0:00:00]} 9. Bxd4 {[%emt 0:00:00]} Nh5
{[%emt 0:00:00]} 10. Bxg7 {[%emt 0:00:00]} Nxg7 {[%emt 0:00:00]} 11. Qd2 {
[%emt 0:00:00]} 1/2-1/2

[Event "6e Open International d'Echecs des Sable"]
[Site "Sables d'Olonne, France"]
[Date "2019.07.19"]
[Round "9.2"]
[White "Eugene, Floryan"]
[Black "Duboue, Peio"]
[Result "0-1"]
[WhiteElo "2300"]
[BlackElo "2409"]
[Annotator "jeanluc"]
[PlyCount "88"]
[EventDate "2019.??.??"]
[TimeControl "1/40:0"]
[WhiteClock "0:18:17"]
[BlackClock "0:01:27"]

1. e4 {[%emt 0:00:00]} e5 {[%emt 0:00:00]} 2. Nf3 {[%emt 0:00:00]} Nc6 {
[%emt 0:00:00]} 3. Bb5 {[%emt 0:00:00]} Nf6 {[%emt 0:00:00]} 4. O-O {[%emt 0:
00:00]} d6 {[%emt 0:00:00]} 5. Re1 {[%emt 0:00:00]} Bd7 {[%emt 0:00:00]} 6. c3
{[%emt 0:00:00]} Be7 {[%emt 0:00:00]} 7. d4 {[%emt 0:00:00]} O-O {[%emt 0:00:
00]} 8. h3 {[%emt 0:00:00]} h6 {[%emt 0:00:00]} 9. Nbd2 {[%emt 0:00:00]} Nxd4 {
[%emt 0:00:00]} 10. cxd4 {[%emt 0:00:00]} Bxb5 {[%emt 0:00:00]} 11. Qb3 {
[%emt 0:00:00]} Ba6 {[%emt 0:00:00]} 12. dxe5 {[%emt 0:00:00]} dxe5 {[%emt 0:
00:00]} 13. Nxe5 {[%emt 0:00:00]} Nd7 {[%emt 0:00:00]} 14. Ndc4 {[%emt 0:00:00]
} Nc5 {[%emt 0:00:00]} 15. Qg3 {[%emt 0:00:00]} Bh4 {[%emt 0:00:00]} 16. Qf3 {
[%emt 0:00:00]} Bxc4 {[%emt 0:00:00]} 17. Nxc4 {[%emt 0:00:00]} Bxf2+ {[%emt 0:
00:00]} 18. Qxf2 {[%emt 0:00:00]} Nd3 {[%emt 0:00:00]} 19. Rd1 {[%emt 0:00:00]}
Nxf2 {[%emt 0:00:00]} 20. Rxd8 {[%emt 0:00:00]} Nxh3+ {[%emt 0:00:00]} 21. gxh3
{[%emt 0:00:00]} Raxd8 {[%emt 0:00:00]} 22. Be3 {[%emt 0:00:00]} Rfe8 {[%emt 0:
00:00]} 23. Nd2 {[%emt 0:00:00]} f5 {[%emt 0:00:00]} 24. Rc1 {[%emt 0:00:00]}
g5 {[%emt 0:00:00]} 25. Nf1 {[%emt 0:00:00]} f4 {[%emt 0:00:00]} 26. Bxa7 {
[%emt 0:00:00]} Rd7 {[%emt 0:00:00]} 27. Bf2 {[%emt 0:00:00]} Rxe4 {[%emt 0:00:
00]} 28. Nh2 {[%emt 0:00:00]} c6 {[%emt 0:00:00]} 29. Ng4 {[%emt 0:00:00]} Re6
{[%emt 0:00:00]} 30. Rc5 {[%emt 0:00:00]} Rd5 {[%emt 0:00:00]} 31. Rxd5 {
[%emt 0:00:00]} cxd5 {[%emt 0:00:00]} 32. Bd4 {[%emt 0:00:00]} h5 {[%emt 0:00:
00]} 33. Ne5 {[%emt 0:00:00]} Ra6 {[%emt 0:01:14]} 34. a3 {[%emt 0:00:00]} Ra4
{[%emt 0:00:16]} 35. Bc3 {[%emt 0:00:00]} Re4 {[%emt 0:03:49]} 36. Nd7 {
[%emt 0:00:00]} Kf7 {[%emt 0:00:13]} 37. Kf2 {[%emt 0:00:12]} d4 {[%emt 0:04:
26]} 38. Bd2 {[%emt 0:01:45]} d3 {[%emt 0:03:15]} 39. Bc3 {[%emt 0:00:13]} Re2+
{[%emt 0:04:46]} 40. Kf1 {[%emt 0:00:22]} Re3 {[%emt 0:00:31]} 41. h4 {[%emt 0:
02:17]} gxh4 {[%emt 0:07:51]} 42. Ne5+ {[%emt 0:05:04]} Ke6 {[%emt 0:00:47]}
43. Ng6 {[%emt 0:00:59]} Rf3+ {[%emt 0:00:19]} 44. Ke1 {[%emt 0:00:11]} h3 {
[%emt 0:00:26]} 0-1

[Event "6e Open International d'Echecs des Sable"]
[Site "Sables d'Olonne, France"]
[Date "2019.07.19"]
[Round "9.3"]
[White "Maleki, Nicolas"]
[Black "Prie, Eric"]
[Result "0-1"]
[WhiteElo "2088"]
[BlackElo "2436"]
[Annotator "jeanluc"]
[PlyCount "99"]
[EventDate "2019.??.??"]
[TimeControl "1/40:0"]
[WhiteClock "0:02:40"]
[BlackClock "0:23:56"]

1. e4 {[%emt 0:00:00]} d5 {[%emt 0:00:00]} 2. exd5 {[%emt 0:00:00]} Qxd5 {
[%emt 0:00:00]} 3. Nc3 {[%emt 0:00:00]} Qa5 {[%emt 0:00:00]} 4. Bc4 {[%emt 0:
00:00]} Nf6 {[%emt 0:00:00]} 5. d3 {[%emt 0:00:00]} Bg4 {[%emt 0:00:00]} 6. f3
{[%emt 0:00:00]} Bd7 {[%emt 0:00:00]} 7. Nge2 {[%emt 0:00:00]} e6 {[%emt 0:00:
00]} 8. Bf4 {[%emt 0:00:00]} Nc6 {[%emt 0:00:00]} 9. Qd2 {[%emt 0:00:00]} Ne5 {
[%emt 0:00:00]} 10. Bb3 {[%emt 0:00:00]} O-O-O {[%emt 0:00:00]} 11. O-O-O {
[%emt 0:00:00]} Bc6 {[%emt 0:00:00]} 12. Qe1 {[%emt 0:00:00]} Be7 {[%emt 0:00:
00]} 13. d4 {[%emt 0:00:00]} Ng6 {[%emt 0:00:00]} 14. Bd2 {[%emt 0:00:00]} Qa6
{[%emt 0:00:00]} 15. Kb1 {[%emt 0:00:00]} Rhe8 {[%emt 0:00:00]} 16. Qf2 {
[%emt 0:00:00]} b5 {[%emt 0:00:00]} 17. a3 {[%emt 0:00:00]} Qb6 {[%emt 0:00:00]
} 18. Rhf1 {[%emt 0:00:00]} a5 {[%emt 0:00:00]} 19. a4 {[%emt 0:00:00]} b4 {
[%emt 0:00:00]} 20. Na2 {[%emt 0:00:09]} Bd5 {[%emt 0:00:00]} 21. Nac1 {
[%emt 0:01:47]} c5 {[%emt 0:00:00]} 22. Bxd5 {[%emt 0:04:20]} Rxd5 {[%emt 0:00:
00]} 23. c4 {[%emt 0:02:52]} bxc3 {[%emt 0:00:43]} 24. Nxc3 {[%emt 0:02:02]}
Rxd4 {[%emt 0:00:00]} 25. Be3 {[%emt 0:01:07]} Rxd1 {[%emt 0:01:00]} 26. Rxd1 {
[%emt 0:00:18]} Rd8 {[%emt 0:00:19]} 27. Rxd8+ {[%emt 0:00:26]} Kxd8 {[%emt 0:
00:18]} 28. Nd3 {[%emt 0:00:46]} Nd7 {[%emt 0:01:03]} 29. Ne4 {[%emt 0:03:25]}
Qb3 {[%emt 0:09:14]} 30. Ndxc5 {[%emt 0:00:33]} Bxc5 {[%emt 0:00:30]} 31. Nxc5
{[%emt 0:00:38]} Nxc5 {[%emt 0:00:26]} 32. Bxc5 {[%emt 0:00:35]} Qd1+ {[%emt 0:
00:16]} 33. Ka2 {[%emt 0:00:14]} Qxa4+ {[%emt 0:00:18]} 34. Kb1 {[%emt 0:01:16]
} Qd1+ {[%emt 0:00:32]} 35. Ka2 {[%emt 0:00:12]} Ne5 {[%emt 0:00:00]} 36. Bb6+
{[%emt 0:00:40]} Kd7 37. Qc5 {[%emt 0:00:40]} Nc6 {[%emt 0:00:00]} 38. Qf8 {
[%emt 0:00:40]} Qa4+ {[%emt 0:00:00]} 39. Kb1 {[%emt 0:00:40]} Qd1+ {[%emt 0:
00:00]} 40. Ka2 {[%emt 0:00:40]} Nb4+ {[%emt 0:00:00]} 41. Ka3 {[%emt 0:00:40]}
Qa1+ {[%emt 0:00:00]} 42. Kb3 {[%emt 0:00:40]} Qa2+ {[%emt 0:00:00]} 43. Kc3 {
[%emt 0:00:40]} Nd5+ {[%emt 0:00:00]} 44. Kc2 {[%emt 0:00:40]} Qc4+ {[%emt 0:
00:00]} 45. Kb1 {[%emt 0:00:40]} Nxb6 {[%emt 0:00:00]} 46. Qxf7+ {[%emt 0:00:
40]} Kc6 {[%emt 0:00:00]} 47. Qxg7 {[%emt 0:00:40]} Qd3+ {[%emt 0:00:00]} 48.
Ka1 {[%emt 0:00:40]} Nd5 {[%emt 0:00:00]} 49. Qg4 {[%emt 0:00:40]} Kb5 {
[%emt 0:00:00]} 50. Qh5 {[%emt 0:00:40]} 0-1

[Event "6e Open International d'Echecs des Sable"]
[Site "Sables d'Olonne, France"]
[Date "2019.07.19"]
[Round "9.4"]
[White "Bujisho, Benjamin"]
[Black "Eugene, Nathael"]
[Result "1-0"]
[WhiteElo "2326"]
[BlackElo "1353"]
[Annotator "jeanluc"]
[PlyCount "53"]
[EventDate "2019.??.??"]
[TimeControl "1/40:0"]
[WhiteClock "0:53:14"]
[BlackClock "1:02:45"]

1. Nf3 {[%emt 0:00:00]} Nf6 {[%emt 0:00:00]} 2. g3 {[%emt 0:00:00]} g6 {
[%emt 0:00:00]} 3. Bg2 {[%emt 0:00:00]} Bg7 {[%emt 0:00:00]} 4. O-O {[%emt 0:
00:00]} O-O {[%emt 0:00:00]} 5. c4 {[%emt 0:00:00]} d6 {[%emt 0:00:00]} 6. Nc3
{[%emt 0:00:00]} e5 {[%emt 0:00:00]} 7. d3 {[%emt 0:00:00]} Nc6 {[%emt 0:00:00]
} 8. Rb1 {[%emt 0:00:00]} a5 {[%emt 0:00:00]} 9. a3 {[%emt 0:00:00]} Nh5 {
[%emt 0:00:00]} 10. b4 {[%emt 0:00:00]} axb4 {[%emt 0:00:00]} 11. axb4 {
[%emt 0:00:00]} f5 {[%emt 0:00:00]} 12. b5 {[%emt 0:00:00]} Ne7 {[%emt 0:00:00]
} 13. Qb3 {[%emt 0:00:00]} Be6 {[%emt 0:00:00]} 14. Ng5 {[%emt 0:00:00]} Bf7 {
[%emt 0:00:00]} 15. Bxb7 {[%emt 0:00:00]} Rb8 {[%emt 0:00:00]} 16. Bg2 {
[%emt 0:00:00]} Nf6 {[%emt 0:00:00]} 17. Qc2 {[%emt 0:00:00]} Nd7 {[%emt 0:00:
00]} 18. Nxf7 {[%emt 0:00:00]} Kxf7 {[%emt 0:00:00]} 19. Nd5 {[%emt 0:00:00]}
Nxd5 {[%emt 0:00:00]} 20. Bxd5+ {[%emt 0:00:00]} Ke8 {[%emt 0:00:00]} 21. f4 {
[%emt 0:00:00]} exf4 {[%emt 0:00:00]} 22. Bxf4 {[%emt 0:00:00]} g5 {[%emt 0:00:
00]} 23. Bd2 {[%emt 0:00:00]} f4 {[%emt 0:00:00]} 24. Kh1 {[%emt 0:00:00]} fxg3
{[%emt 0:00:00]} 25. hxg3 {[%emt 0:00:00]} Rf6 {[%emt 0:00:00]} 26. Kg2 {
[%emt 0:00:00]} Qe7 {[%emt 0:00:00]} 27. Bxg5 {[%emt 0:00:00]} 1-0

[Event "6e Open International d'Echecs des Sable"]
[Site "Sables d'Olonne, France"]
[Date "2019.07.19"]
[Round "9.5"]
[White "Boulos, Jean"]
[Black "Lucas, Arthur"]
[Result "0-1"]
[WhiteElo "1860"]
[BlackElo "2286"]
[Annotator "jeanluc"]
[PlyCount "56"]
[EventDate "2019.??.??"]
[TimeControl "1/40:0"]
[WhiteClock "0:07:42"]
[BlackClock "0:04:34"]

1. e4 {[%emt 0:00:00]} c5 {[%emt 0:00:00]} 2. Nf3 {[%emt 0:00:00]} Nc6 {
[%emt 0:00:00]} 3. d4 {[%emt 0:00:00]} cxd4 {[%emt 0:00:00]} 4. Nxd4 {[%emt 0:
00:00]} e5 {[%emt 0:00:00]} 5. Nf3 {[%emt 0:00:00]} Nf6 {[%emt 0:00:00]} 6.
Nbd2 {[%emt 0:00:00]} Bc5 {[%emt 0:00:00]} 7. Bd3 {[%emt 0:00:00]} O-O {
[%emt 0:00:00]} 8. O-O {[%emt 0:00:00]} d5 {[%emt 0:00:00]} 9. exd5 {[%emt 0:
00:00]} Qxd5 {[%emt 0:00:00]} 10. Qe1 {[%emt 0:00:00]} Bg4 {[%emt 0:00:00]} 11.
Bc4 {[%emt 0:00:00]} Qd6 {[%emt 0:00:00]} 12. c3 {[%emt 0:00:00]} Rfe8 {
[%emt 0:00:00]} 13. Ng5 {[%emt 0:00:00]} Bh5 {[%emt 0:00:00]} 14. Nde4 {
[%emt 0:00:00]} Qe7 {[%emt 0:00:00]} 15. Nxf6+ {[%emt 0:00:00]} Qxf6 {[%emt 0:
00:00]} 16. Ne4 {[%emt 0:00:00]} Qe7 {[%emt 0:00:00]} 17. Bg5 {[%emt 0:00:00]}
Qf8 {[%emt 0:00:00]} 18. Nxc5 {[%emt 0:00:00]} Qxc5 {[%emt 0:00:00]} 19. Bb3 {
[%emt 0:00:00]} e4 {[%emt 0:00:00]} 20. Qe3 {[%emt 0:00:00]} Qb5 {[%emt 0:00:
00]} 21. c4 {[%emt 0:00:00]} Qe5 {[%emt 0:00:00]} 22. Rab1 {[%emt 0:00:00]} Nd4
{[%emt 0:00:00]} 23. Ba4 {[%emt 0:02:35]} Re6 {[%emt 0:00:00]} 24. Bh4 {
[%emt 0:04:30]} Nf5 {[%emt 0:00:00]} 25. Qh3 {[%emt 0:00:58]} Rg6 {[%emt 0:07:
28]} 26. Bd1 {[%emt 0:00:31]} Rh6 {[%emt 0:06:00]} 27. Bg5 {[%emt 0:02:03]} Bg4
{[%emt 0:00:23]} 28. Qg3 {[%emt 0:00:21]} Nxg3 {[%emt 0:00:15]} 0-1

[Event "6e Open International d'Echecs des Sable"]
[Site "Sables d'Olonne, France"]
[Date "2019.07.19"]
[Round "9.6"]
[White "Mariette, Lucas"]
[Black "Picart, Laurent"]
[Result "1-0"]
[WhiteElo "2244"]
[BlackElo "2061"]
[Annotator "jeanluc"]
[PlyCount "57"]
[EventDate "2019.??.??"]
[TimeControl "1/40:0"]
[WhiteClock "0:40:12"]
[BlackClock "0:20:33"]

1. e4 {[%emt 0:00:00]} e6 {[%emt 0:00:00]} 2. d4 {[%emt 0:00:00]} d5 {[%emt 0:
00:00]} 3. Nd2 {[%emt 0:00:00]} Be7 {[%emt 0:00:00]} 4. Ngf3 {[%emt 0:00:00]}
Nf6 {[%emt 0:00:00]} 5. e5 {[%emt 0:00:00]} Nfd7 {[%emt 0:00:00]} 6. Bd3 {
[%emt 0:00:00]} c5 {[%emt 0:00:00]} 7. c3 {[%emt 0:00:00]} Nc6 {[%emt 0:00:00]}
8. O-O {[%emt 0:00:00]} g5 {[%emt 0:00:00]} 9. h3 {[%emt 0:00:00]} h5 {[%emt 0:
00:00]} 10. g4 {[%emt 0:00:00]} cxd4 {[%emt 0:00:00]} 11. cxd4 {[%emt 0:00:00]}
Qb6 {[%emt 0:00:00]} 12. Nb3 {[%emt 0:00:00]} a5 {[%emt 0:00:00]} 13. a4 {
[%emt 0:00:00]} hxg4 {[%emt 0:00:00]} 14. hxg4 {[%emt 0:00:00]} Rh3 {[%emt 0:
00:00]} 15. Bb5 {[%emt 0:00:00]} Rxf3 {[%emt 0:00:00]} 16. Qxf3 {[%emt 0:00:00]
} Nxd4 {[%emt 0:00:00]} 17. Nxd4 {[%emt 0:00:00]} Qxd4 {[%emt 0:00:00]} 18. Re1
{[%emt 0:00:00]} Kf8 {[%emt 0:00:00]} 19. Qh3 {[%emt 0:00:00]} Kg7 {[%emt 0:00:
00]} 20. Bd3 {[%emt 0:00:00]} Nf8 {[%emt 0:00:00]} 21. Kg2 {[%emt 0:00:00]} Ng6
{[%emt 0:00:00]} 22. Bxg6 {[%emt 0:00:00]} fxg6 {[%emt 0:00:00]} 23. Rh1 {
[%emt 0:00:00]} Kf7 {[%emt 0:00:00]} 24. Qg3 {[%emt 0:00:00]} b6 {[%emt 0:00:
00]} 25. Rh7+ {[%emt 0:00:00]} Ke8 {[%emt 0:00:00]} 26. Qf3 {[%emt 0:00:00]}
Qe4 {[%emt 0:00:00]} 27. Qxe4 {[%emt 0:00:00]} dxe4 {[%emt 0:00:00]} 28. Be3 {
[%emt 0:03:26]} Bf8 {[%emt 0:01:07]} 29. Rh5 1-0

[Event "6e Open International d'Echecs des Sable"]
[Site "Sables d'Olonne, France"]
[Date "2019.07.19"]
[Round "9.7"]
[White "Redondo Arguelles, Graciela"]
[Black "Dalaud, Dorian"]
[Result "1-0"]
[WhiteElo "2043"]
[BlackElo "2220"]
[Annotator "jeanluc"]
[PlyCount "51"]
[EventDate "2019.??.??"]
[TimeControl "1/40:0"]
[WhiteClock "0:11:36"]
[BlackClock "0:24:08"]

1. e4 {[%emt 0:00:00]} c5 {[%emt 0:00:00]} 2. c3 {[%emt 0:00:00]} d5 {[%emt 0:
00:00]} 3. exd5 {[%emt 0:00:00]} Qxd5 {[%emt 0:00:00]} 4. d4 {[%emt 0:00:00]}
Nc6 {[%emt 0:00:00]} 5. Nf3 {[%emt 0:00:00]} Bf5 {[%emt 0:00:00]} 6. Be3 {
[%emt 0:00:00]} cxd4 {[%emt 0:00:00]} 7. cxd4 {[%emt 0:00:00]} Bxb1 {[%emt 0:
00:00]} 8. Rxb1 {[%emt 0:00:00]} e6 {[%emt 0:00:00]} 9. a3 {[%emt 0:00:00]} Nf6
{[%emt 0:00:00]} 10. Be2 {[%emt 0:00:00]} Bd6 {[%emt 0:00:00]} 11. O-O {
[%emt 0:00:00]} O-O {[%emt 0:00:00]} 12. h3 {[%emt 0:00:00]} Rac8 {[%emt 0:00:
00]} 13. Rc1 {[%emt 0:00:00]} Bb8 {[%emt 0:00:00]} 14. b4 {[%emt 0:00:00]} Qd6
{[%emt 0:00:00]} 15. Qd3 {[%emt 0:00:00]} Nd5 {[%emt 0:00:00]} 16. Rc5 {
[%emt 0:00:00]} b6 {[%emt 0:00:00]} 17. Rc4 {[%emt 0:00:00]} e5 {[%emt 0:00:00]
} 18. g3 {[%emt 0:00:00]} e4 {[%emt 0:00:00]} 19. Qxe4 {[%emt 0:00:00]} Rfe8 {
[%emt 0:00:00]} 20. Qg4 {[%emt 0:00:00]} h5 {[%emt 0:00:00]} 21. Qxh5 {[%emt 0:
00:00]} Nxe3 {[%emt 0:00:00]} 22. Ng5 {[%emt 0:00:59]} Qg6 {[%emt 0:00:00]} 23.
Qxg6 {[%emt 0:00:23]} fxg6 {[%emt 0:00:00]} 24. fxe3 {[%emt 0:00:17]} Ne7 {
[%emt 0:00:00]} 25. Rxc8 {[%emt 0:03:50]} Rxc8 {[%emt 0:00:00]} 26. Bg4 {
[%emt 0:00:15]} 1-0

[Event "6e Open International d'Echecs Sables d'"]
[Site "Les Sables d'Olonne ; France"]
[Date "2019.07.19"]
[Round "9.8"]
[White "Besson, Bastien"]
[Black "Le Pen, Steven"]
[Result "1-0"]
[WhiteElo "2204"]
[BlackElo "2094"]
[PlyCount "87"]
[EventDate "2019.??.??"]
[WhiteTeam "Cercle d'Echecs de Nantes"]
[BlackTeam "Club d'Echecs de la Bruffière"]

1. e4 c5 2. Nf3 d6 3. d4 cxd4 4. Nxd4 Nf6 5. Nc3 Nc6 6. Bg5 e6 7. Qd2 a6 8.
O-O-O Bd7 9. f4 b5 10. Bxf6 gxf6 11. Kb1 Qb6 12. Nce2 Rc8 13. h4 Rg8 14. Rh3 b4
15. f5 e5 16. Nxc6 Bxc6 17. Ng3 Bb7 18. b3 Qc5 19. Bc4 Ke7 20. Nh5 Bxe4 21. Rg3
Rxg3 22. Nxg3 Bb7 23. Nh5 h6 24. g4 Bf3 25. Be2 Be4 26. Bc4 Bf3 27. Rf1 Bxg4
28. Ng3 a5 29. Ne4 Qc6 30. Bd5 Qa6 31. Bc4 Qc6 32. Bd5 Qa6 33. Rf2 Rd8 34. Qe3
Rd7 35. c4 Qa7 36. Qd3 h5 37. c5 Bh6 38. cxd6+ Rxd6 39. Qc4 Kf8 40. Nxd6 Qxf2
41. Qc8+ Kg7 42. Ne8+ Kf8 43. Nxf6+ Kg7 44. Qg8+ 1-0

[Event "6e Open International d'Echecs Sables d'"]
[Site "Les Sables d'Olonne ; France"]
[Date "2019.07.19"]
[Round "9.9"]
[White "Durand-Le Ludec, Brendan-Budok"]
[Black "Renard, Emmanuel"]
[Result "1-0"]
[WhiteElo "2199"]
[BlackElo "1834"]
[PlyCount "51"]
[EventDate "2019.??.??"]
[WhiteTeam "Betton Echecs Club"]
[BlackTeam "Cercle d'Echecs de Nantes"]

1. d4 Nf6 2. c4 c6 3. Nf3 d5 4. Qc2 e6 5. g3 Nbd7 6. Bg2 Bb4+ 7. Nbd2 O-O 8.
O-O Re8 9. e4 dxe4 10. Nxe4 Nxe4 11. Qxe4 e5 12. dxe5 Qe7 13. Ng5 g6 14. a3 Bc5
15. b4 h6 16. Nxf7 Qxf7 17. bxc5 Rxe5 18. Qd4 Re2 19. Bb2 Ne5 20. f4 Rxb2 21.
fxe5 Rxg2+ 22. Kxg2 Qe6 23. Qd8+ Kh7 24. Qf8 g5 25. Rf7+ Kg6 26. Rf6+ 1-0

[Event "6e Open International d'Echecs Sables d'"]
[Site "Les Sables d'Olonne ; France"]
[Date "2019.07.19"]
[Round "9.10"]
[White "Frick, Christoph"]
[Black "Drogou, Gerard"]
[Result "1-0"]
[WhiteElo "2134"]
[BlackElo "1927"]
[PlyCount "53"]
[EventDate "2019.??.??"]
[WhiteTeam "Mulhouse Philidor"]
[BlackTeam "C.S.M. Puteaux Echecs"]

1. d4 d5 2. Bf4 e6 3. e3 c5 4. Nf3 Qb6 5. Nc3 Bd7 6. Rb1 Nf6 7. Be2 Be7 8. O-O
O-O 9. Re1 Rc8 10. h3 Be8 11. a3 a6 12. Bd3 cxd4 13. exd4 Nc6 14. Ne2 Na5 15.
c3 Bb5 16. Bc2 Bc4 17. Nc1 Bb5 18. Ne5 Nc4 19. Ncd3 Ne4 20. Nxc4 Bxc4 21. Ne5
Nd6 22. b3 Bb5 23. c4 dxc4 24. bxc4 Nxc4 25. Bxh7+ Kh8 26. Qh5 Nxe5 27. Bg6+
1-0

[Event "6e Open International d'Echecs Sables d'"]
[Site "Les Sables d'Olonne ; France"]
[Date "2019.07.19"]
[Round "9.11"]
[White "Delabbey, Florian"]
[Black "Renault, Jerome"]
[Result "1-0"]
[WhiteElo "1904"]
[BlackElo "2097"]
[PlyCount "71"]
[EventDate "2019.??.??"]
[WhiteTeam "Club d'Echecs de Marennes-Oleron"]
[BlackTeam "Cercle d'échecs des Sables d'Olonne"]

1. d4 Nf6 2. c4 g6 3. Nc3 d5 4. cxd5 Nxd5 5. e3 Bg7 6. Nxd5 Qxd5 7. Ne2 c5 8.
Nc3 Qd8 9. d5 O-O 10. Be2 Nd7 11. O-O Nb6 12. Bf3 a6 13. Rb1 Qc7 14. Qc2 Rd8
15. Rd1 Nd7 16. d6 exd6 17. Nd5 Qb8 18. b4 Ne5 19. bxc5 Nxf3+ 20. gxf3 Qa7 21.
Nb6 Rb8 22. cxd6 Be6 23. Ba3 a5 24. d7 Bf8 25. Bxf8 Kxf8 26. Qc5+ Kg8 27. Rb5
Qa6 28. Rd2 Bxd7 29. Rxa5 Bh3 30. Rxa6 Rxd2 31. Qc1 Rd6 32. Ra8 Rxa8 33. Nxa8
Rc6 34. Qb1 b5 35. Qd1 h5 36. Nc7 1-0

[Event "6e Open International d'Echecs Sables d'"]
[Site "Les Sables d'Olonne ; France"]
[Date "2019.07.19"]
[Round "9.12"]
[White "Pottier, Simeon"]
[Black "Rollot, Jean-Louis"]
[Result "1-0"]
[WhiteElo "2192"]
[BlackElo "1890"]
[PlyCount "83"]
[EventDate "2019.??.??"]
[WhiteTeam "LEC Echiquier Limousin"]
[BlackTeam "Echiquier Carcassonnais "]

1. d4 Nf6 2. c4 c5 3. d5 b5 4. cxb5 a6 5. bxa6 Bxa6 6. Nc3 d6 7. e4 Bxf1 8.
Kxf1 g6 9. g3 Bg7 10. Kg2 O-O 11. Nf3 Nbd7 12. a4 Ng4 13. Qc2 Nge5 14. Nxe5
Nxe5 15. Nb5 Qd7 16. h3 Qb7 17. Ra3 Rfb8 18. Bd2 Nd7 19. Bc3 Bxc3 20. bxc3 Ra5
21. h4 Ne5 22. h5 Qd7 23. c4 Nxc4 24. Qxc4 Rbxb5 25. hxg6 fxg6 26. axb5 Rxa3
27. Qc1 Ra7 28. Qh6 e6 29. b6 Ra4 30. Rb1 Rb4 31. Ra1 Ra4 32. b7 Qxb7 33. Rxa4
exd5 34. Qf4 dxe4 35. Qxe4 Qxe4+ 36. Rxe4 Kf7 37. Kf3 Kf6 38. Re8 d5 39. Rc8 c4
40. Ke3 Ke5 41. f4+ Kd6 42. Kd4 1-0